[Event "Mechanics' Winter TNM; 30/90, SD/30"]
[Site "San Francisco"]
[Date "2011.02.15"]
[Round "7.7"]
[White "Rumph, Todd"]
[Black "Newey, Richard"]
[Result "1-0"]
[WhiteElo "2119"]
[BlackElo "1710"]
[Annotator "Rumph"]
[PlyCount "143"]
[EventDate "2011.??.??"]

1. c4 c6 2. d4 d5 3. Nf3 Bf5 4. Nc3 (4. cxd5 $1 Bxb1 $1 (4... cxd5 5. Qb3 {
is great for White.}) 5. Rxb1 Qxd5 6. a3 Nf6 7. e3 Nbd7 8. Qc2 e6 9. Bc4 {
and White is better.}) 4... e6 5. Qb3 Qc7 ({I expected} 5... Qb6 6. c5 Qc7 (
6... Qxb3 7. axb3 {is a tough middlegame for Black, similar to the London
System middlegame (colors reversed) after 1.d4 d5 2.Nf3 Nf6 3.Bf4 c5 4.e3 Nc6
5.c6 Qb6 6.Qb3 c4! 7.Qxb6 axb6.}) 7. Bf4 Qc8 {
where 8.e3 or 8.Nh4 are good tries for White.}) 6. cxd5 $2 ({Better was} 6. Bf4
$5 dxc4 7. Bxc7 cxb3 8. e4 (8. axb3 $2 Na6 9. Bg3 Nb4) 8... Bg6 9. a3 $1) 6...
exd5 7. Bf4 Qb6 8. e3 $6 {White doesn't get much out of the queenless
middlegame: no minority attack and Black is too solid.} (8. Nd2) 8... Qxb3 9.
axb3 Nd7 ({Here and over the next few moves, Black gets in trouble if he tries
to win the b3 pawn:} 9... Bc2 10. Rc1 Bxb3 11. Nd2 Bc4 12. Nxc4 dxc4 13. Bxc4
$16) 10. Be2 Ngf6 11. O-O Nh5 12. g3 $6 (12. Bc7 {was better.}) 12... Nxf4 13.
gxf4 $11 Bd6 14. Rfc1 O-O 15. Nh4 Bh3 16. Bd3 f5 17. Ne2 Be7 18. Nf3 Bg4 19.
Kg2 ({Trying to avoid the equal ending after} 19. Ne5 Nxe5 20. fxe5 Bxe2 21.
Bxe2 f4) 19... Bxf3+ $1 20. Kxf3 a6 21. Ng3 g6 22. Rh1 Bh4 23. Kg2 Nf6 24. Kh3
Ng4 $6 (24... Bxg3 25. hxg3 $11) 25. Kxh4 Nxf2 26. Rhd1 $1 Nxd1 27. Rxd1 Rae8
28. Nf1 Re6 29. Kg3 Rfe8 30. b4 {
Preventing a5 for now. Maybe Black should have played a5 earlier.} Kg7 31. h4
Kf6 32. Kf2 h6 33. Re1 R6e7 34. Nd2 $2 (34. h5 $1 g5 35. Ng3 gxf4 36. Nxf5
fxe3+ 37. Ke2 {looks good for White.}) 34... g5 35. hxg5+ hxg5 36. fxg5+ Kxg5
37. Nf3+ Kf6 38. Ne5 Rg7 $2 ({Black must grab the h-file with} 38... Rh7 {or})
(38... Rh8) 39. Rh1 Reg8 40. Bf1 Ra8 41. Rh6+ Kg5 42. Re6 $1 f4 43. Nf3+ Kg4 $1
(43... Kf5 44. Bh3+ $18) (43... Kh5 44. exf4 Rf8 45. Ke3 Rgf7 46. Be2 Rxf4 47.
Ne5+ Kg5 48. Ng6 $18) 44. Nh2+ Kg5 45. Re5+ Kh6 (45... Kf6 46. exf4 Rh8 47. Nf3
) 46. exf4 a5 47. b5 $18 a4 48. Bd3 Rf7 49. Ng4+ Kg7 50. Rg5+ Kf8 51. Ke3 a3
52. bxa3 Rxa3 {Too late.} 53. bxc6 bxc6 54. Ne5 Re7 55. f5 c5 56. f6 Rh7 (56...
Rxe5+ 57. dxe5 c4 58. e6 Rxd3+ 59. Kf4 {and White's pawns are too fast.}) 57.
dxc5 Rh3+ 58. Kd4 Ra7 59. Bf5 Rh1 60. Be6 Ra4+ 61. Kxd5 $2 {
Time trouble. White is lucky this doesn't spoil the win.} (61. Kc3 Rh3+ 62. Kb2
$18) 61... Rd1+ 62. Kc6 Ra6+ 63. Kc7 Rxe6 64. Nd7+ Rxd7+ ({Forced:} 64... Ke8
65. Rg8+ Kf7 66. Rg7+ Ke8 67. f7+ Ke7 68. f8=R#) 65. Kxd7 Rxf6 66. Re5 Rf1 (
66... Rf7+ 67. Kd6 Rf6+ 68. Kd5 Rf7 69. c6 Rh7 70. Kd6 Rh6+ 71. Re6 $18) 67. c6
Rd1+ 68. Kc8 Rc1 69. c7 Kf7 70. Kd7 Rd1+ 71. Kc6 Kf6 72. Rc5 1-0

[Event "Mechanics' Winter TNM; 30/90, SD/30"]
[Site "San Francisco"]
[Date "2011.01.18"]
[Round "3.7"]
[White "Rumph, Todd"]
[Black "Sherwood, Peter"]
[Result "1-0"]
[WhiteElo "2119"]
[BlackElo "1798"]
[PlyCount "75"]
[EventDate "2011.??.??"]

1. c4 e5 2. g3 Nf6 3. Bg2 Nc6 4. Nc3 Bc5 5. Nf3 O-O 6. O-O d6 7. d3 h6 8. a3 a5
9. e3 Bf5 10. b3 Re8 11. Nd5 Nxd5 12. cxd5 Ne7 13. d4 exd4 14. Nxd4 Bg6 15. Bb2
Nf5 16. Nxf5 Bxf5 17. b4 Bb6 18. Bd4 Bxd4 19. Qxd4 Qe7 20. Rfc1 b6 21. e4 Bxe4
22. Re1 f5 23. f3 Qe5 24. Qxe5 Rxe5 25. fxe4 fxe4 26. Rac1 axb4 27. axb4 Ra7
28. Rxe4 Rxe4 29. Bxe4 Kf7 30. Rf1+ Ke7 31. Bg6 Ra4 32. Rf4 Kd8 33. h4 Ra2 34.
Rf8+ Ke7 35. Re8+ Kd7 36. Re3 Rb2 37. Be8+ Kc8 38. Bc6 1-0

[Event "Mechanics' Winter TNM; 30/90, SD/30"]
[Site "San Francisco"]
[Date "2011.02.22"]
[Round "8.10"]
[White "Shakhnazarov, Oleg"]
[Black "Bertot, German"]
[Result "1-0"]
[WhiteElo "2148"]
[BlackElo "1563"]
[PlyCount "61"]
[EventDate "2011.??.??"]

1. e4 e5 2. Nf3 Nc6 3. Bc4 Nf6 4. Ng5 d5 5. exd5 Nxd5 $2 ({correct defenses are
} 5... Na5) (5... Nd4) (5... b5) 6. Nxf7 Kxf7 7. Qf3+ Qf6 ({
This is the "fried liver" attack. Black usually defends with} 7... Ke6 8. Nc3
Ncb4 ({another try is} 8... Nce7 9. d4 c6 10. Bg5 h6 11. Bxe7 Bxe7 12. O-O-O
Rf8 13. Qe4 Bg5+ 14. Kb1 Rf4 15. Qxe5+ Kf7 16. Nxd5 cxd5 17. Bxd5+ Kf8 18. Bb3
$16) 9. Qe4 (9. a3 Nxc2+ 10. Kd1 Nxa1 11. Nxd5 Kd6 12. d4) 9... c6 10. a3 Na6
11. d4 Nac7 12. Bf4 Kf7 $13) 8. Bxd5+ Be6 9. Bxc6 bxc6 10. Qxc6 Bd6 11. Nc3 Qg6
12. O-O Qxc2 13. f4 exf4 14. d4 g5 15. Rf2 Qd3 16. Rd2 Qf5 17. Ne4 Be7 18. Nc3
Rhc8 19. Re2 Bd6 20. Bd2 Bd7 21. Qc4+ Be6 22. d5 Bd7 23. Rae1 Re8 24. Ne4 Rab8
25. Bc3 Bb5 26. Qd4 Be5 27. Nxg5+ Qxg5 28. Rxe5 Rxe5 29. Rxe5 Qf6 30. Qe4 Bd7
31. Qxh7+ 1-0

[Event "Mechanics' Winter TNM; 30/90, SD/30"]
[Site "San Francisco"]
[Date "2011.02.15"]
[Round "7.14"]
[White "Shakhnazarov, Oleg"]
[Black "Dembling, Arthur"]
[Result "1-0"]
[WhiteElo "2148"]
[BlackElo "1799"]
[PlyCount "109"]
[EventDate "2011.??.??"]

1. e4 e6 2. d4 d5 3. e5 c5 4. c3 Nc6 5. Nf3 Bd7 6. dxc5 Bxc5 7. b4 Bb6 8. b5
Na5 9. Bd3 Ne7 10. O-O Ng6 11. Ba3 Rc8 12. Re1 Nc4 13. Bb4 Bc5 14. Bxc4 Bxb4
15. Bxd5 Bxc3 16. Nxc3 Rxc3 17. Bxb7 Bxb5 18. Qb1 Qb6 19. Qb2 Rc7 20. Be4 O-O
21. Qa3 Qc5 22. Qb2 Rfc8 23. Qd2 Qc3 24. Qd1 Rd7 25. Qb1 Bd3 26. Bxd3 Qxd3 27.
Qb4 Qc4 28. Qxc4 Rxc4 29. g3 h6 30. a4 Rd5 31. Ra3 Rcc5 32. Rae3 Rc4 33. Re4
Rxe4 34. Rxe4 Kf8 35. h4 Ra5 36. h5 Ne7 37. Nd4 Ke8 38. Nb5 Nd5 39. Rc4 Nb6 40.
Rc7 Kf8 41. Nd6 Rxe5 42. Rxf7+ Kg8 43. Rxa7 Rd5 44. Ne4 Rd4 45. Nc5 e5 46. a5
Nd5 47. Ne6 Rg4 48. a6 Nf4 49. Rxg7+ Rxg7 50. Nxg7 Nd5 51. a7 Nc7 52. Nf5 Kh7
53. g4 Na8 54. Kg2 Nb6 55. Kf3 1-0

[Event "Mechanics' Winter TNM; 30/90, SD/30"]
[Site "San Francisco"]
[Date "2011.01.25"]
[Round "4.5"]
[White "Shakhnazarov, Oleg"]
[Black "Todortsev, Victor"]
[Result "0-1"]
[WhiteElo "2148"]
[BlackElo "1919"]
[PlyCount "98"]
[EventDate "2011.??.??"]

1. e4 e5 2. Nf3 Nf6 3. Nc3 Nc6 4. Bb5 d6 5. d4 exd4 6. Qxd4 Be7 7. Bg5 O-O 8.
Qd2 Bg4 9. Bxc6 bxc6 10. Nd4 Bd7 11. f4 h6 12. h4 d5 13. e5 Ng4 14. Bxe7 Qxe7
15. O-O-O Rab8 16. Rde1 Rb6 17. f5 Nxe5 18. Qf4 f6 19. b3 Qa3+ 20. Kd2 c5 21.
Ne6 Bxe6 22. fxe6 Rb4 23. Qg3 Rd4+ 24. Ke2 Qb2 25. Rc1 Nd3 26. Qxd3 Rxd3 27.
Kxd3 c6 28. Rhe1 Re8 29. Na4 Qd4+ 30. Ke2 Rxe6+ 31. Kf1 Kf7 32. c3 Qxh4 33.
Nxc5 Qf4+ 34. Kg1 Re2 35. Rxe2 Qxc1+ 36. Kf2 Qxc3 37. Nb7 Kg6 38. Nd8 d4 39.
Ne6 d3 40. Re1 Qb2+ 41. Ke3 Qe5+ 42. Kd2 Qd6 43. Re3 Kf7 44. Nxg7 Kxg7 45. Rxd3
Qa3 46. Kc3 Qxa2 47. Rg3+ Kf7 48. Rg4 Qe2 49. Ra4 Qxg2 0-1

[Event "Mechanics' Winter TNM; 30/90, SD/30"]
[Site "San Francisco"]
[Date "2011.01.11"]
[Round "2.5"]
[White "Sherwood, Peter"]
[Black "Grey, Peter"]
[Result "1/2-1/2"]
[WhiteElo "1798"]
[BlackElo "2001"]
[PlyCount "84"]
[EventDate "2011.??.??"]

1. e4 e5 2. Nf3 Nc6 3. Bb5 a6 4. Ba4 Nf6 5. O-O Nxe4 6. d4 b5 7. Bb3 d5 8. dxe5
Be6 9. Be3 Be7 10. c3 Qd7 11. Nbd2 Rd8 12. Bc2 f5 13. exf6 Nxf6 14. Ng5 Bf5 15.
Re1 O-O 16. Bf4 h6 17. Bxf5 Qxf5 18. Ne6 Ne4 19. Nxd8 Qxf4 20. Nxe4 dxe4 21.
Nxc6 Bd6 22. g3 Qxf2+ 23. Kh1 Bxg3 24. hxg3 Qxg3 25. Qe2 Rf2 26. Ne7+ Kh8 27.
Ng6+ Kh7 28. Nf8+ Kg8 29. Qxf2 Qxf2 30. Rf1 Qh4+ 31. Kg2 Qg4+ 32. Kh2 Qh4+ 33.
Kg2 Qg4+ 34. Kh1 Qh3+ 35. Kg1 Qg3+ 36. Kh1 e3 37. Rae1 Qh3+ 38. Kg1 Qg4+ 39.
Kh2 e2 40. Rf2 Qh4+ 41. Kg2 Qg4+ 42. Kh2 Qh4+ {draw offer} 1/2-1/2

[Event "Mechanics' Winter TNM; 30/90, SD/30"]
[Site "San Francisco"]
[Date "2011.02.22"]
[Round "8.11"]
[White "Sherwood, Peter"]
[Black "Khristoforov, Sergey"]
[Result "1-0"]
[WhiteElo "1798"]
[BlackElo "2026"]
[PlyCount "103"]
[EventDate "2011.??.??"]

1. e4 c6 2. d4 d5 3. Nc3 dxe4 4. Nxe4 Bf5 5. Ng3 Bg6 6. h4 h6 7. Nf3 Nd7 8. h5
Bh7 9. Bd3 Bxd3 10. Qxd3 e6 11. Bf4 Ngf6 12. O-O-O Nd5 13. Bd2 Bd6 14. Ne4 Bc7
15. Kb1 N7f6 16. Ne5 Nxe4 17. Qxe4 Nf6 18. Qe3 Qd5 19. c4 Qe4+ 20. Kc1 O-O 21.
f3 Qxe3 22. Bxe3 c5 23. Nd3 cxd4 24. Bxd4 Rfd8 25. Bc3 Ne8 26. c5 Rd5 27. b4
Rad8 28. Kc2 Nf6 29. g4 e5 30. Rhe1 e4 31. fxe4 Rg5 32. Bxf6 gxf6 33. Rg1 Kh7
34. Rdf1 Kg7 35. Kc3 Be5+ 36. Nxe5 Rxe5 37. Re1 a5 38. a3 axb4+ 39. axb4 Rde8
40. Kd3 Rd8+ 41. Kc3 Rde8 42. Kd3 Rd8+ 43. Kc3 b6 44. cxb6 Rb8 45. Rg2 Rxb6 46.
Kc4 Kf8 47. Rd2 Ke7 48. Rd5 Rxd5 49. exd5+ Kd6 50. Rf1 Kd7 51. Kc5 Rd6 52. Ra1
1-0

[Event "Mechanics' Winter TNM; 30/90, SD/30"]
[Site "San Francisco"]
[Date "2011.02.08"]
[Round "6.11"]
[White "Sherwood, Peter"]
[Black "Manvelyan, Hovik"]
[Result "0-1"]
[WhiteElo "1798"]
[BlackElo "1992"]
[PlyCount "80"]
[EventDate "2011.??.??"]

1. e4 c5 2. Nf3 d6 3. d4 cxd4 4. Nxd4 Nf6 5. Nc3 e6 6. Be3 a6 7. f3 b5 8. Qd2
Bb7 9. g4 h6 10. O-O-O Nbd7 11. g5 hxg5 12. Bxg5 Be7 13. Rg1 Rc8 14. Kb1 g6 15.
h4 d5 16. exd5 Nxd5 17. Nxd5 Bxd5 18. Bg2 Qc7 19. Rge1 Qc4 20. Nb3 f6 21. Bf1
Qb4 22. c3 Qa4 23. Qe2 Ne5 24. Rxd5 exd5 25. f4 Qe4+ 26. Qxe4 dxe4 27. Bxf6
Bxf6 28. fxe5 Be7 29. Rxe4 Rxh4 30. Rxh4 Bxh4 31. Bh3 Rc4 32. Nd4 Bf2 33. Nf3
Be3 34. Kc2 Rf4 35. Ne1 g5 36. Nd3 Rh4 37. Bg2 Rh2 38. Ne1 Bf4 39. Kd3 Ke7 40.
Kd4 Bg3 0-1

[Event "Mechanics' Winter TNM; 30/90, SD/30"]
[Site "San Francisco"]
[Date "2011.01.25"]
[Round "4.12"]
[White "Sherwood, Peter"]
[Black "Reyes, Edsel Delos"]
[Result "1-0"]
[WhiteElo "1798"]
[BlackElo "1531"]
[PlyCount "101"]
[EventDate "2011.??.??"]

1. e4 c5 2. Nf3 d6 3. d4 cxd4 4. Nxd4 Nf6 5. Nc3 a6 6. Be3 e6 7. f3 Be7 8. Qd2
O-O 9. O-O-O b5 10. Kb1 Bb7 11. g4 Qc7 12. h4 Rd8 13. h5 Nbd7 14. g5 Ne8 15. g6
f5 16. Nxe6 Qc8 17. Nxd8 Qxd8 18. Nd5 fxe4 19. fxe4 Ndf6 20. Bg2 Nxd5 21. exd5
Bc8 22. Qf2 Bf6 23. Bh3 Qe7 24. Rde1 Qc7 25. Bd4 Bb7 26. Be6+ Kh8 27. Bf7 Bxd4
28. Qxd4 Nf6 29. Be6 h6 30. Ref1 Rf8 31. Bf7 Qe7 32. Re1 Qd7 33. Be6 Qd8 34.
Ref1 a5 35. Rf5 b4 36. Rhf1 Ba6 37. R1f2 Bc8 38. Bxc8 Qxc8 39. Qa7 Qe8 40. Rf1
Kg8 41. Qf2 Qe4 42. Qe1 Re8 43. Qxe4 Rxe4 44. Kc1 Re8 45. Kd1 Ne4 46. Re1 Nf6
47. Rxe8+ Nxe8 48. Ke2 Nf6 49. Kf3 Kf8 50. Rxf6+ gxf6 51. Kf4 1-0

[Event "Mechanics' Winter TNM; 30/90, SD/30"]
[Site "San Francisco"]
[Date "2011.01.11"]
[Round "2.2"]
[White "Shipman, Walter"]
[Black "Chamberlain, Ethan"]
[Result "1-0"]
[WhiteElo "2200"]
[BlackElo "1844"]
[PlyCount "83"]
[EventDate "2011.??.??"]

1. d4 Nf6 2. Nc3 d5 3. Bg5 Ne4 4. Nxe4 dxe4 5. e3 g6 6. Bc4 Bg7 7. Ne2 c5 8. c3
Nc6 9. O-O Qa5 10. Bf4 e5 11. dxe5 Nxe5 12. Bxe5 Bxe5 13. Qd5 Qc7 14. Qxe4 Bf5
15. Qh4 O-O 16. e4 Bd7 17. f4 Bg7 18. Rad1 b5 19. Bd5 Rae8 20. e5 Be6 21. Ng3
f5 22. exf6 Bxf6 23. Qg4 Qf7 24. Bxe6 Qxe6 25. Qxe6+ Rxe6 26. f5 Ra6 27. fxg6
hxg6 28. Ne4 Be7 29. Rd7 Rxf1+ 30. Kxf1 Re6 31. Nd2 a6 32. Nf3 Kg7 33. Ng5 Re5
34. h4 a5 35. Ra7 a4 36. Ra5 c4 37. Nf3 Rf5 38. Ke2 Bd8 39. Ra7+ Kh6 40. Rd7
Bb6 41. g4 Rf4 42. Ng5 1-0

[Event "Mechanics' Winter TNM; 30/90, SD/30"]
[Site "San Francisco"]
[Date "2011.01.25"]
[Round "4.1"]
[White "Shipman, Walter"]
[Black "Cunningham, Robin"]
[Result "1/2-1/2"]
[WhiteElo "2200"]
[BlackElo "2265"]
[PlyCount "35"]
[EventDate "2011.??.??"]

1. d4 d5 2. c4 e6 3. Nf3 c5 4. cxd5 exd5 5. g3 Nc6 6. Bg2 Nf6 7. O-O Be7 8.
dxc5 Bxc5 9. a3 O-O 10. b4 Bb6 11. Bb2 Re8 12. Nbd2 Qe7 13. e3 Bg4 14. h3 Bf5
15. Nb3 Be4 16. Nbd4 Ne5 17. Nxe5 Qxe5 18. Rc1 1/2-1/2

[Event "Mechanics' Winter TNM; 30/90, SD/30"]
[Site "San Francisco"]
[Date "2011.02.01"]
[Round "5.2"]
[White "Shipman, Walter"]
[Black "Fuentes, Romulo"]
[Result "1-0"]
[WhiteElo "2200"]
[BlackElo "2247"]
[Annotator "Walter Shipman"]
[PlyCount "121"]
[EventDate "2011.??.??"]

1. d4 d5 2. Nc3 Nf6 3. Bg5 c5 4. Bxf6 gxf6 5. e4 dxe4 6. dxc5 Qa5 7. Qd5 Bh6 (
7... a6 {is more usual, but Romulo's new move 7...Bh6 is OK.}) 8. Bb5+ Kf8 9.
Qxe4 a6 10. Bd3 Qxc5 11. Nge2 Nc6 12. O-O Be6 13. Nf4 Bxf4 ({
Black could have equalized with} 13... Bf5 $1 14. Qxf5 Qxf5 15. Bxf5 Bxf4 {
and with Bishops of opposite color Black should not lose.}) 14. Qxf4 Qg5 15.
Qxg5 fxg5 16. f4 $1 gxf4 17. Rxf4 Ne5 18. Re1 Nxd3 19. cxd3 Kg7 20. d4 Rhe8 21.
Re5 $1 Rad8 22. d5 $1 Bc8 23. Rg5+ Kf8 {Forced.} 24. Rh4 e6 25. Rxh7 Ke7 26.
Kf2 Rh8 27. Rxh8 Rxh8 28. h3 b5 29. a3 Rh4 30. Rg8 Bd7 31. dxe6 Bxe6 32. Rb8
Rd4 33. Ke3 Rd6 34. Rb7+ Kf8 35. Ne4 Rc6 36. Rb8+ Kg7 37. Rd8 Rc2 38. Rd2 Rc6
39. b4 Rc4 40. Nc5 Bf5 41. Nxa6 Rc3+ 42. Kf4 Be6 43. Nc5 Bc4 44. a4 bxa4 45.
Nxa4 Rb3 46. Nc5 Rxb4 47. Rd4 Rb2 48. Rxc4 Rxg2 49. Ne4 Rg1 50. Rc3 Rf1+ 51.
Rf3 Ra1 52. Rg3+ Kh6 53. Nf2 Rf1 54. Kf3 Ra1 55. Kg2 Ra2 56. Rf3 Kg6 57. Kg3 f5
58. Nd3 Ra1 59. Nf4+ Kf6 60. h4 Rg1+ 61. Ng2 {
and White won in eight more moves.} 1-0

[Event "Mechanics' Winter TNM; 30/90, SD/30"]
[Site "San Francisco"]
[Date "2011.02.15"]
[Round "7.1"]
[White "Shipman, Walter"]
[Black "Zavadsky, Peter"]
[Result "1-0"]
[WhiteElo "2200"]
[BlackElo "2295"]
[PlyCount "125"]
[EventDate "2011.??.??"]

1. d4 Nf6 2. Nc3 g6 3. e4 d6 4. g3 Bg7 5. Bg2 O-O 6. Nge2 c6 7. a4 e5 8. O-O
Na6 9. h3 Be6 10. Be3 Qe7 11. f4 Bc4 12. dxe5 dxe5 13. f5 gxf5 14. Rxf5 Nd7 15.
g4 Be6 16. Rf2 h5 17. Ng3 hxg4 18. hxg4 Qh4 19. Nf5 Bxf5 20. Rxf5 Ndc5 21. Qf3
Ne6 22. Rh5 Qf6 23. Rf5 Qe7 24. Ne2 Nb4 25. Rc1 c5 26. Rh5 Nc6 27. Qf5 f6 28.
Rf1 Rf7 29. Qh7+ Kf8 30. Bh6 Ke8 31. Ng3 Bxh6 32. Qxh6 c4 33. Qe3 Kd7 34. Rd1+
Kc7 35. Bf1 Rg8 36. Nf5 Rxg4+ 37. Kh2 Qc5 38. Qxc5 Nxc5 39. Bxc4 Rf8 40. Rh7+
Kb8 41. Bd5 Rd8 42. Re1 Nb4 43. Re2 Nxd5 44. exd5 Rxd5 $2 45. Ne3 Rdd4 46. Nxg4
Rxg4 47. Rg2 Rxg2+ 48. Kxg2 Nxa4 49. b3 Nc3 50. Rf7 Nd5 51. c4 Nb4 52. Rxf6 Nc6
53. Kf3 Na5 54. Ke4 Nxb3 55. Kxe5 b6 56. Kd5 Na5 57. c5 bxc5 58. Kxc5 Nb3+ 59.
Kb5 Kc7 60. Rf4 Nd2 61. Kb4 Nb1 62. Kb3 Nd2+ 63. Kc2 1-0

[Event "Mechanics' Winter TNM; 30/90, SD/30"]
[Site "San Francisco"]
[Date "2011.02.22"]
[Round "8.19"]
[White "Standen, Julian"]
[Black "Clark, Thomas"]
[Result "1/2-1/2"]
[WhiteElo "1706"]
[BlackElo "977"]
[PlyCount "45"]
[EventDate "2011.??.??"]

1. d4 f5 2. Nf3 Nf6 3. Bf4 g6 4. e3 Bg7 5. Bc4 d6 6. Nbd2 h6 7. h4 e6 8. c3 O-O
9. Qe2 Qe8 10. O-O Nbd7 11. b4 Nb6 12. Bb5 Bd7 13. Bxd7 Qxd7 14. c4 Rae8 15.
Qd1 Ne4 16. Rc1 e5 17. Bh2 Nxd2 18. Qxd2 exd4 19. Nxd4 Re4 20. Nf3 Nxc4 21.
Rxc4 $4 Rxc4 22. Qd5+ Qf7 {
White overlooked this but Black was happy to make a draw and go home.} 23. Qxb7
1/2-1/2

[Event "Mechanics' Winter TNM; 30/90, SD/30"]
[Site "San Francisco"]
[Date "2011.02.01"]
[Round "5.17"]
[White "Standen, Julian"]
[Black "James, Charles"]
[Result "1-0"]
[WhiteElo "1706"]
[BlackElo "1395"]
[PlyCount "65"]
[EventDate "2011.??.??"]

1. d4 Nf6 2. Nf3 g6 3. Bg5 Bg7 4. Nbd2 O-O 5. e4 d6 6. Be2 Nbd7 7. O-O e5 8.
dxe5 dxe5 9. c3 c6 10. Qc2 Qc7 11. Rfd1 Nc5 12. h3 Ne6 13. Be3 Nf4 14. Bf1 h6
15. Nc4 Ne8 16. Bc5 Be6 17. Ne3 Rd8 18. Bxf8 Kxf8 19. Rxd8 Qxd8 20. Rd1 Qc8 21.
Kh2 Bf6 22. Nc4 Qc7 23. b4 g5 24. Qd2 g4 25. hxg4 Bxg4 26. Nd6 Bg5 27. Nxe8
Kxe8 28. Qd6 Qb6 29. Qxe5+ Kf8 30. Qd4 Qc7 31. Qd6+ Qxd6 32. Rxd6 Ne6 33. Nxg5
1-0

[Event "Mechanics' Winter TNM; 30/90, SD/30"]
[Site "San Francisco"]
[Date "2011.01.18"]
[Round "3.15"]
[White "Standen, Julian"]
[Black "Reyes, Edsel Delos"]
[Result "1/2-1/2"]
[WhiteElo "1706"]
[BlackElo "1531"]
[PlyCount "49"]
[EventDate "2011.??.??"]

1. d4 Nf6 2. Nf3 g6 3. Bg5 Bg7 4. Nbd2 d6 5. e4 O-O 6. Be2 Nbd7 7. c3 b6 8. O-O
c5 9. d5 Bb7 10. Qc2 Qc7 11. h3 a5 12. a4 Nb8 13. Rfe1 Bc8 14. Rad1 h6 15. Bf4
Bd7 16. Bc4 g5 17. Bh2 g4 18. hxg4 Bxg4 19. e5 Nfd7 20. Qe4 f5 21. exf6 Nxf6
22. Qxe7 Qxe7 23. Rxe7 Rd8 24. Rde1 Bf8 25. R7e3 {White is easily winning but
the game was later drawn. Both scoresheets become illegible at this point.}
1/2-1/2

[Event "Mechanics' Winter TNM; 30/90, SD/30"]
[Site "San Francisco"]
[Date "2011.01.11"]
[Round "2.14"]
[White "Todortsev, Victor"]
[Black "Clarke, Steven"]
[Result "1-0"]
[WhiteElo "1919"]
[BlackElo "1492"]
[PlyCount "41"]
[EventDate "2011.??.??"]

1. e4 e6 2. d4 d5 3. Nd2 dxe4 4. Nxe4 Bd7 5. Nf3 Bc6 6. Bd3 Nd7 7. O-O Ngf6 8.
Ng3 Be7 9. Re1 O-O 10. Qe2 Bxf3 11. Qxf3 c6 12. c3 a5 13. Ne4 Nxe4 14. Qxe4 Nf6
15. Qh4 a4 16. Bg5 h6 17. Bxh6 gxh6 18. Qxh6 Ra5 19. Re3 Bd6 20. Rh3 Rh5 21.
Rxh5 1-0

[Event "Mechanics' Winter TNM; 30/90, SD/30"]
[Site "San Francisco"]
[Date "2011.02.01"]
[Round "5.5"]
[White "Todortsev, Victor"]
[Black "Grey, Peter"]
[Result "0-1"]
[WhiteElo "1919"]
[BlackElo "2001"]
[PlyCount "90"]
[EventDate "2011.??.??"]

1. e4 e5 2. Nf3 Nc6 3. d4 exd4 4. Bc4 Nf6 5. e5 Ng4 6. Bxf7+ $2 Kxf7 7. Ng5+
Kg8 8. Qxg4 h6 $1 9. Nf3 Bb4+ 10. Bd2 d6 11. Qe4 dxe5 12. Nxe5 Nxe5 13. Bxb4
Nc6 14. Ba3 Qf6 15. O-O Bf5 16. Qe2 Kh7 17. Nd2 Rhe8 18. Qc4 Qg6 19. Rfe1 Bxc2
20. Nf3 Be4 21. Nh4 Qf6 22. Rxe4 Rxe4 23. Qd3 Qxh4 24. f3 Rae8 25. g3 Qg5 26.
Re1 Qg6 27. fxe4 Ne5 28. Qd1 Qg4 29. Kg2 Qxd1 30. Rxd1 Rd8 31. b3 Ng4 32. Rd2
b6 33. Kf3 Ne5+ 34. Kf4 Nc6 35. h4 Rd7 36. e5 Nd8 37. Ke4 c5 38. Rd3 g6 39. Bc1
Kg7 40. Rf3 Rf7 41. Bf4 h5 42. Kd5 Rd7+ 43. Ke4 Ne6 44. Bd2 Rf7 45. Bh6+ Kg8 {
Both players quit recording moves here. Black, a pawn up with a much better
ending, later won.} 0-1

[Event "Mechanics' Winter TNM; 30/90, SD/30"]
[Site "San Francisco"]
[Date "2011.02.22"]
[Round "8.9"]
[White "Todortsev, Victor"]
[Black "Ochoa, Jason"]
[Result "1-0"]
[WhiteElo "1919"]
[BlackElo "1900"]
[Annotator "Donaldson"]
[PlyCount "45"]
[EventDate "2011.??.??"]

1. e4 Nc6 2. d4 e5 3. d5 Nce7 4. Nf3 Ng6 5. h4 Nf6 6. h5 $1 Nf4 7. Nxe5 N6xh5
8. Rxh5 Nxh5 9. Qxh5 Qe7 10. Nc3 g6 11. Qf3 (11. Qh2 {
was also possible but White prefers the initiative.}) 11... Qxe5 12. Bf4 Qf6
13. e5 Qe7 $2 (13... Qb6) 14. d6 cxd6 15. Nd5 {Everything is clear.} Qd8 16.
exd6 Bg7 17. Nc7+ Kf8 18. O-O-O Rb8 19. Re1 h5 20. Bc4 Bf6 21. Re8+ Qxe8 22.
Nxe8 Kxe8 23. Bh6 {A powerful game by Todortsev.} 1-0

[Event "Mechanics' Winter TNM; 30/90, SD/30"]
[Site "San Francisco"]
[Date "2011.02.08"]
[Round "6.9"]
[White "Traub, Igor"]
[Black "Bertot, German"]
[Result "1-0"]
[WhiteElo "2097"]
[BlackElo "1563"]
[PlyCount "47"]
[EventDate "2011.??.??"]

1. Nf3 d5 2. g3 Nf6 3. d3 c6 4. Bg2 e6 5. O-O Be7 6. Nbd2 O-O 7. e4 dxe4 8.
dxe4 Nbd7 9. e5 Ng4 10. Qe2 Qc7 11. Nc4 Bc5 (11... b5 12. Nd4 $1) 12. h3 Bxf2+
13. Rxf2 Nxf2 14. Kxf2 f6 15. exf6 Nxf6 16. Bf4 Qe7 17. Bd6 Qf7 18. Bxf8 Qxf8
19. Kg1 Bd7 20. Rd1 Re8 21. Nd6 Rb8 22. Ne5 Qe7 23. c4 Rd8 24. Nxb7 1-0

[Event "Mechanics' Winter TNM; 30/90, SD/30"]
[Site "San Francisco"]
[Date "2011.02.22"]
[Round "8.3"]
[White "Traub, Igor"]
[Black "Gaffagan, Steven"]
[Result "1-0"]
[WhiteElo "2097"]
[BlackElo "2065"]
[PlyCount "84"]
[EventDate "2011.??.??"]

1. d4 Nf6 2. Nf3 g6 3. c4 Bg7 4. Nc3 O-O 5. g3 d5 6. cxd5 Nxd5 7. Bg2 c5 8. e4
Nxc3 9. bxc3 Nc6 10. Bb2 cxd4 11. Nxd4 Na5 12. Qe2 h5 13. O-O a6 14. e5 Bg4 15.
f3 Bd7 16. Rad1 Qc7 17. f4 Nc4 18. Bc1 Rac8 19. h3 b5 20. Kh2 e6 21. Rd3 Rfd8
22. Rfd1 Be8 23. g4 g5 24. gxh5 gxf4 25. Bxf4 Bxe5 26. Rg3+ Kf8 27. Bxe5 Qxe5
28. Qf2 Rxd4 29. cxd4 Qxh5 30. Re1 Ke7 31. d5 e5 32. Qa7+ Bd7 33. Bf3 Qh6 34.
Bg4 Qd2+ $4 (34... Qd6 35. Bxd7 Rc7 36. Qa8 Rxd7 37. Rg8 e4+ 38. Kg2 Qxd5 39.
Rxe4+ {was still winning for White but put up tougher resistance.}) 35. Rg2
Qf4+ 36. Kg1 f5 37. Bxf5 Qxf5 38. Rf1 $4 (38. Rg7+ {
wins easily but both players were low on time.}) 38... Qh7 39. Qf2 Kd6 40. Qf6+
Kc5 41. Rg7 Rg8 42. Qe7+ Kd4 {Black is winning but lost on time.} 1-0

[Event "Mechanics' Winter TNM; 30/90, SD/30"]
[Site "San Francisco"]
[Date "2011.02.01"]
[Round "5.13"]
[White "Traub, Igor"]
[Black "MacIntyre, Brendan"]
[Result "1-0"]
[WhiteElo "2097"]
[BlackElo "1669"]
[PlyCount "77"]
[EventDate "2011.??.??"]

1. Nf3 Nf6 2. g3 d5 3. d3 g6 4. Bg2 Bg7 5. O-O O-O 6. Nbd2 Bg4 7. Ne5 Be6 8. c4
Nbd7 9. Nef3 Nb6 10. Nd4 Bg4 11. c5 Nc8 12. h3 Bd7 13. N2f3 c6 14. g4 Qc7 15.
Bg5 e5 16. Nc2 e4 17. Nfd4 Re8 18. Qd2 b6 19. b4 a5 20. a3 bxc5 21. bxc5 Na7
22. a4 Rab8 23. Bf4 Re5 24. Rab1 Bxg4 25. hxg4 Nxg4 26. Rxb8+ Qxb8 27. Qxa5 Bh6
28. Bg3 Qe8 29. dxe4 dxe4 30. Qxa7 Rh5 31. Qb8 Qxb8 32. Bxb8 Rxc5 33. Bxe4 Bg7
34. f3 Ne5 35. Bd6 Rc4 36. Bxe5 Bxe5 37. Nxc6 Bc3 38. a5 f5 39. Bd5+ 1-0